Music Quiz

Random Music or Album Quiz

Songs on Siamese Dream Quiz Stats

 Plays Quiz not verified by Sporcle

Challenge
Share
Tweet
Embed
Score 0/13 Timer 03:00
0 Plays Today
Track % Correct
1Cherub Rock
98.5%
3Today
94.6%
5Rocket
93.8%
6Disarm
93.8%
8Geek U.S.A.
91.5%
11Silverfuck
88.5%
9Mayonaise
86.2%
4Hummer
85.4%
7Soma
85.4%
13Luna
85.4%
10Spaceboy
82.3%
2Quiet
80%
12Sweet Sweet
68.5%

You're not logged in!

Compare scores with friends on all Sporcle quizzes.
OR
Log In

You Might Also Like...

Show Comments

Extras

Top Quizzes Today


Score Distribution

Your Account Isn't Verified!

In order to create a playlist on Sporcle, you need to verify the email address you used during registration. Go to your Sporcle Settings to finish the process.

Report this User

Report this user for behavior that violates our Community Guidelines.

Details: